The peripheral / (Record no. 2673)

MARC details
000 -LEADER
fixed length control field 01875cam a2200325 i 4500
005 - DATE AND TIME OF LATEST TRANSACTION
control field 20240109142833.0
020 ## - INTERNATIONAL STANDARD BOOK NUMBER
International Standard Book Number 9780399158445 (hardcover)
020 ## - INTERNATIONAL STANDARD BOOK NUMBER
International Standard Book Number 9780425276235
040 ## - CATALOGING SOURCE
Original cataloging agency DLC
Language of cataloging eng
Transcribing agency DLC
Description conventions rda
Modifying agency DLC
050 00 - LIBRARY OF CONGRESS CALL NUMBER
Classification number PS3557.I2264
Item number P47 2014
082 00 - DEWEY DECIMAL CLASSIFICATION NUMBER
Classification number 813/.54
Edition number 23
100 1# - MAIN ENTRY--PERSONAL NAME
Personal name Gibson, William
Dates associated with a name 1948-
245 14 - TITLE STATEMENT
Title The peripheral /
Statement of responsibility, etc. William Gibson
250 ## - EDITION STATEMENT
Edition statement Berkley trade paperback edition / October 2015
260 ## - PUBLICATION, DISTRIBUTION, ETC.
Place of publication, distribution, etc. New York :
Name of publisher, distributor, etc. Berkley Books,
Date of publication, distribution, etc. 2014
300 ## - PHYSICAL DESCRIPTION
Extent 485 pages ;
Dimensions 24 cm
500 ## - GENERAL NOTE
General note Sequel: Agency.
505 ## - FORMATTED CONTENTS NOTE
Formatted contents note R
520 ## - SUMMARY, ETC.
Summary, etc. "William Gibson returns with his first novel since 2010's New York Times-bestselling Zero History. Where Flynne and her brother, Burton, live, jobs outside the drug business are rare. Fortunately, Burton has his veteran's benefits, for neural damage he suffered from implants during his time in the USMC's elite Haptic Recon force. Then one night Burton has to go out, but there's a job he's supposed to do-a job Flynne didn't know he had. Beta-testing part of a new game, he tells her. The job seems to be simple: work a perimeter around the image of a tower building. Little buglike things turn up. He's supposed to get in their way, edge them back. That's all there is to it. He's offering Flynne a good price to take over for him. What she sees, though, isn't what Burton told her to expect. It might be a game, but it might also be murder"--
Assigning source Provided by publisher.
520 ## - SUMMARY, ETC.
Summary, etc. "New novel from New York Times bestselling author William Gibson"--
521 ## - TARGET AUDIENCE NOTE
Target audience note 800
Source Lexile estimate
521 ## - TARGET AUDIENCE NOTE
Target audience note R
Source Raz-Plus
650 #7 - SUBJECT ADDED ENTRY--TOPICAL TERM
Topical term or geographic name entry element FICTION / Science Fiction / General.
Source of heading or term bisacsh
650 #7 - SUBJECT ADDED ENTRY--TOPICAL TERM
Topical term or geographic name entry element FICTION / Literary.
Source of heading or term bisacsh
655 #7 - INDEX TERM--GENRE/FORM
Genre/form data or focus term Science fiction.
Source of term gsafd
655 #7 - INDEX TERM--GENRE/FORM
Genre/form data or focus term Suspense fiction.
Source of term gsafd
906 ## - LOCAL DATA ELEMENT F, LDF (RLIN)
a 7
b cbc
c orignew
d 1
e ecip
f 20
g y-gencatlg
942 ## - ADDED ENTRY ELEMENTS (KOHA)
Source of classification or shelving scheme Dewey Decimal Classification
Koha item type Books
Suppress in OPAC No
999 ## -
-- 2673
-- 2673
Holdings
Withdrawn status Lost status Source of classification or shelving scheme Damaged status Not for loan Collection Home library Current library Shelving location Date acquired Total Checkouts Full call number Barcode Date last seen Date last checked out Price effective from Koha item type
    Dewey Decimal Classification     Fiction Footprints International School Library Network Toul Kork Campus Footprints International School Library Network Toul Kork Campus TTP Secondary Fiction Bookshelves 01/09/2024 1 GIB 813/.54 PS3557.I2264 FISSE03145 02/28/2024 02/28/2024 01/09/2024 Books